LEADER 00817nam a2200217 i 4500 001 000000154883 003 CaOOAMICUS 005 20061027000000.0 008 061027s1970 it u000 u ita u 013 $a132232 040 $aSeMil$bita 100 1 $aDezzi Bardeschi, Marco.$0(OLS)http://semarc/name/60590 245 10$aFrank Lloyd Wright /$cMarco Dezzi Bardeschi. 260 $aFirenze :$bSansoni,$ccopyr. 1970. 300 $a96 p., ill. ;$c31 cm. 490 0 $aI maestri del Novecento [Sansoni] 830 2$aI maestri del Novecento.$0(OLS)http://semarc/title/442438 850 $aSeMil 852 $aSeMil$W1$xVenegono$y1$m5I X 15$j106735$B106735$CSeMilBibl$Z2$F115971 $81 996 $6245$aFrank Lloyd Wright$9(OLS)http://semarc/title/226757 996 $6260$aFirenze :$bSansoni$9(OLS)http://semarc/publisher/29843 LEADER 01169nam a2200229 i 4500 001 000000238267 003 CaOOAMICUS 005 20251202085448.0 008 150127s1735 it u000 u lat u 013 $a217172 026 $at.es o-e- i-re Reex (3) 1735 (R) 040 $aSeMil$bita 245 10$aTomus 12. 300 $avi, [836 i.e. 828] p. 500 $aColophon a c. 5P2v. 500 $aSegn.: a4(-a4) A-5H4 5I-5P2 500 $aOmesse nella numerazione le p. 361-368 773 0 $aIoannes : Chrysostomus $tTou en agiois patros hemon Ioannou ... tou Chrysostomou ta Heuriskomena panta. Sancti patris nostri Joannis Chrysostomi archiepiscopi Constantinopolitani Opera omnia quae exstant, vel quae ejus nomine circumferuntur, ad mss. codices Gallicanos, Vaticanos, ... Opera & studio d. Bernardi de Montfaucon ... Tomus 1. [-13.].$dParisiis : Sumtibus Ludovici Guerin, sub signo S. Thomae Aquinatis, ... [etc.] via Jacobaea, 1718-1738$g12$w()31292 850 $aSeMil 852 $aSeMil$W1$xVenegono$y1$m2S VIII 25 FA$j188613$B188613$CSeMilBibl$Z2$F199359 $8I 996 $6245$aTomus 12$9(OLS)http://semarc/title/308146